LEADER 01017cam0-22003011i-450- 001 990001876880403321 005 20160322170026.0 035 $a000187688 035 $aFED01000187688 035 $a(Aleph)000187688FED01 035 $a000187688 100 $a20030910d1818----km-y0itay50------ba 101 0 $aita 105 $ay-------001yy 200 1 $aDe' vinacciuoli e del modo di estrarne l'olio e di altri vantaggi, che si possono ottenere da' medesimi memoria del p. Niccola Columella Onorati francescano degli Osservanti, p.p. di economia rurale nell'universita de' regi studj di Napoli ... 210 $aNapoli$cdalla tipografia Flautina$d1818 215 $a36 p.$d8° 610 0 $aAgricoltura$aStoria 610 0 $aLibri rari$a1800-1830 620 $aItalia.$dNapoli 676 $a630.9$zita 700 1$aOnorati,$bNicola$f<1754-1822>$068291 801 0$aIT$bUNINA$gRICA$2UNIMARC 901 $aAQ 912 $a990001876880403321 952 $a60 094.3 C 12/8$fFAGBC 959 $aFAGBC 997 $aUNINA LEADER 01452oam 2200469 450 001 9910711798503321 005 20201210162254.0 035 $a(CKB)5470000002486082 035 $a(OCoLC)1079838873 035 $a(EXLCZ)995470000002486082 100 $a20181220d1979 ua 0 101 0 $aeng 135 $aurbn||||||||| 181 $ctxt$2rdacontent 182 $cc$2rdamedia 183 $acr$2rdacarrier 200 00$aAttempted extortion--low enriched uranium 210 1$aWashington, D.C. :$cUnited States Nuclear Regulatory Commission,$d1979. 215 $a1 online resource (1 page) 225 1 $aInformation notice ;$vno. 79-02 300 $a"February 2, 1979." 606 $aExtortion$zNorth Carolina$zWilmington 606 $aNuclear power plants$xSecurity measures$zNorth Carolina$zWilmington 606 $aExtortion$2fast 606 $aNuclear power plants$xSecurity measures$2fast 607 $aNorth Carolina$zWilmington$2fast 615 0$aExtortion 615 0$aNuclear power plants$xSecurity measures 615 7$aExtortion. 615 7$aNuclear power plants$xSecurity measures. 712 02$aU.S. Nuclear Regulatory Commission, 801 0$bGPO 801 1$bGPO 801 2$bGPO 801 2$bMERUC 801 2$bOCLCF 801 2$bOCLCA 801 2$bGPO 906 $aBOOK 912 $a9910711798503321 996 $aAttempted extortion--low enriched uranium$93306704 997 $aUNINA